[Event "Online Olym Div2 E 2021"]
[Site "chess.com INT"]
[Date "2021.09.04"]
[Round "7.3"]
[Board "4"]
[White "Rodriguez Arrieta, Maria Elena"]
[Black "Mencos Castillo, Maria"]
[Result "0-1"]
[WhiteTitle "WIM"]
[BlackTitle "WIM"]
[WhiteElo "1905"]
[BlackElo "1865"]
[WhiteTeam "Costa Rica"]
[BlackTeam "Guatemala"]
[WhiteFideId "6502911"]
[BlackFideId "7300867"]
[EventDate "2021.09.02"]
[EventType "team"]

1. e4 e5 2. Nf3 Nc6 3. Bb5 Nf6 4. d3 Bc5 5. O-O d6 6. c3 a6 7. Ba4 Bd7 8. Re1 h6
9. d4 Bb6 10. h3 O-O 11. Bc2 Re8 12. d5 Ne7 13. Nbd2 Ng6 14. Nf1 Nh5 15. Be3
Ngf4 16. Ng3 Qf6 17. Nxh5 Nxh5 18. Bxb6 cxb6 19. Bd3 Nf4 20. Bf1 Qg6 21. Kh2 Rf8
22. g3 Nh5 23. Nh4 Qg5 24. Be2 Nf4 25. Bg4 Bxg4 26. Qxg4 Qxg4 27. hxg4 Nd3 28.
Re2 Rac8 29. Nf5 Rfd8 30. Ne7+ Kf8 31. Nxc8 Rxc8 32. Rd1 Nc5 33. Kg2 Ke7 34. f4
Nd7 35. Kf3 Rc4 36. Rh1 Nf6 37. Re3 Ra4 38. Ra1 Rc4 39. b3 Rc5 40. c4 Nd7 41.
Rc1 Ra5 42. Rc2 Rc5 43. b4 Rc8 44. Rec3 Kd8 45. g5 hxg5 46. fxg5 Ke7 47. Kg4 Rh8
48. Kf3 Rh5 49. Kg4 Rh8 50. Rf2 g6 51. Rcf3 Rh7 52. Rc2 Rh8 53. a4 Rh1 54. Rcf2
Rh7 55. Rb3 Rh1 56. Rc3 a5 57. bxa5 bxa5 58. Rb3 b6 59. Rbf3 Rh7 60. Rb2 Rh1 61.
Rff2 Rh8 62. Rh2 Rxh2 63. Rxh2 Nc5 64. Rb2 Nxa4 65. Rb5 Nc3 66. Rxb6 Nxe4 67.
Rb7+ Ke8 68. Ra7 Nd2 69. Rxa5 Nxc4 70. Ra4 Ne3+ 71. Kf3 Nxd5 72. Ke4 Nc3+ 73.
Kd3 Nxa4 74. Kc4 Kd7 75. Kb4 Nb6 76. Kb5 Kc7 0-1

[Event "Online Olym Div2 E 2021"]
[Site "chess.com INT"]
[Date "2021.09.04"]
[Round "7.3"]
[Board "6"]
[White "Diaz Charpentier, Kristel Meliss"]
[Black "Juarez Garcia, Daniela"]
[Result "1-0"]
[WhiteElo "1898"]
[BlackElo "1625"]
[WhiteTeam "Costa Rica"]
[BlackTeam "Guatemala"]
[WhiteFideId "6511708"]
[BlackFideId "7302703"]
[EventDate "2021.09.02"]
[EventType "team"]

1. Nf3 Nf6 2. g3 d5 3. Bg2 e6 4. b3 Nbd7 5. O-O Be7 6. c4 c5 7. e3 b6 8. Bb2 Bb7
9. Nc3 O-O 10. cxd5 exd5 11. d4 Rc8 12. dxc5 Nxc5 13. Nd4 Nfe4 14. a4 Nxc3 15.
Bxc3 Ne4 16. Bb2 Bb4 17. Bxe4 dxe4 18. Qg4 Bc3 19. Bxc3 Rxc3 20. Rac1 Qc8 21.
Nf5 g6 22. Ne7+ Kg7 23. Nxc8 Rfxc8 24. Rxc3 Rxc3 25. Rb1 Bd5 26. Qd7 Rd3 27.
Qxa7 Bxb3 28. Qxb6 Bxa4 29. h4 h5 30. Qa5 Bc6 31. Qe5+ Kh7 32. Rb8 Rd1+ 33. Kh2
g5 34. Rh8+ Kg6 35. Rg8+ Kh6 36. Qg7# 1-0

[Event "Online Olym Div2 E 2021"]
[Site "chess.com INT"]
[Date "2021.09.04"]
[Round "7.4"]
[Board "1"]
[White "Matamoros Franco, Carlos S."]
[Black "Vazquez, Guillermo"]
[Result "0-1"]
[WhiteTitle "GM"]
[BlackTitle "IM"]
[WhiteElo "2486"]
[BlackElo "2534"]
[WhiteTeam "Ecuador"]
[BlackTeam "Paraguay"]
[WhiteFideId "3600017"]
[BlackFideId "3702308"]
[EventDate "2021.09.02"]
[EventType "team"]

1. Nf3 d5 2. g3 g6 3. Bg2 Bg7 4. d4 c6 5. O-O Nf6 6. b3 O-O 7. c4 dxc4 8. bxc4
c5 9. Bb2 Qb6 10. Qc1 cxd4 11. Nxd4 Rd8 12. e3 e5 13. Nb3 Nc6 14. Nc3 Be6 15.
Na4 Qc7 16. Nac5 Bf5 17. Bc3 Rac8 18. Qb2 b6 19. Na6 Qe7 20. Rfd1 Rxd1+ 21. Rxd1
Ne4 22. Be1 h5 23. h3 Ng5 24. Kh2 e4 25. Bc3 Bxc3 26. Qxc3 Ne5 27. c5 Nef3+ 28.
Bxf3 Nxf3+ 29. Kg2 Qe6 30. Rh1 Rd8 31. g4 Bxg4 32. c6 Bxh3+ 33. Rxh3 Rd1 0-1

[Event "Online Olym Div2 E 2021"]
[Site "chess.com INT"]
[Date "2021.09.04"]
[Round "7.4"]
[Board "2"]
[White "Benitez Galeano, Alejandro"]
[Black "Noboa Silva, Kevin"]
[Result "1-0"]
[WhiteTitle "FM"]
[BlackTitle "FM"]
[WhiteElo "2201"]
[BlackElo "2331"]
[WhiteTeam "Paraguay"]
[BlackTeam "Ecuador"]
[WhiteFideId "3703568"]
[BlackFideId "3618471"]
[EventDate "2021.09.02"]
[EventType "team"]

1. Nf3 Nf6 2. c4 c5 3. g3 b6 4. Bg2 Bb7 5. O-O e6 6. b3 a6 7. Bb2 Be7 8. Nc3 d6
9. e3 O-O 10. Qe2 Qc7 11. Ne1 Bxg2 12. Nxg2 Qb7 13. d3 b5 14. f4 Nbd7 15. Rab1
Rfe8 16. g4 Nf8 17. g5 N6d7 18. e4 Nb6 19. Ne3 b4 20. Ncd1 d5 21. cxd5 exd5 22.
Nf5 Ne6 23. Nxe7+ Qxe7 24. Ne3 Nd4 25. Bxd4 cxd4 26. Nf5 Qd7 27. Rfe1 dxe4 28.
dxe4 d3 29. Qb2 f6 30. gxf6 d2 31. Red1 Rxe4 32. Ne7+ Rxe7 33. Rxd2 Qe6 34. fxe7
Qxe7 35. Re2 Qc5+ 36. Rf2 Nd5 37. Qe2 Nc3 38. Qe6+ Kh8 39. Re1 Rf8 40. f5 h6 41.
Kg2 Qd4 42. Qe5 Qg4+ 43. Qg3 Qd4 44. f6 Rxf6 45. Re8+ Kh7 46. Rxf6 Qxf6 47. Qd3+
Qg6+ 48. Qxg6+ Kxg6 49. Re6+ Kf5 50. Rxa6 h5 51. Ra5+ Kg4 52. h3+ Kh4 53. Ra4
Nd5 54. a3 g5 55. Rxb4+ g4 56. hxg4 hxg4 57. Rb8 Nf4+ 58. Kf2 g3+ 59. Kf3 g2 60.
Kxf4 Kh5 61. Rh8+ 1-0

[Event "Online Olym Div2 E 2021"]
[Site "chess.com INT"]
[Date "2021.09.04"]
[Round "7.4"]
[Board "3"]
[White "Ortiz Verdezoto, Anahi"]
[Black "Perez Rodriguez, Jennifer"]
[Result "1-0"]
[WhiteTitle "WIM"]
[BlackTitle "WIM"]
[WhiteElo "1982"]
[BlackElo "2251"]
[WhiteTeam "Ecuador"]
[BlackTeam "Paraguay"]
[WhiteFideId "3614581"]
[BlackFideId "3507831"]
[EventDate "2021.09.02"]
[EventType "team"]

1. d4 d5 2. c4 c5 3. e3 cxd4 4. exd4 Nf6 5. Nc3 Nc6 6. cxd5 Nxd5 7. h3 g6 8. Nf3
Bg7 9. Be2 O-O 10. O-O e5 11. Bg5 Qa5 12. Nxd5 Qxd5 13. dxe5 Qxd1 14. Rfxd1 Nxe5
15. Nd4 Bd7 16. Nb5 Bxb5 17. Bxb5 a6 18. Be2 Rac8 19. Rac1 h6 20. Be3 Nc6 21.
Bf3 Bxb2 22. Rb1 Bg7 23. Rxb7 Ne5 24. Bd5 a5 25. Ra7 Nc4 26. Bxc4 Rxc4 27. Rxa5
h5 28. Ra7 Rc6 29. g3 h4 30. gxh4 Rc4 31. Rdd7 Bf6 32. Bh6 Bg7 33. Bg5 Bd4 34.
Rac7 Rxc7 35. Rxc7 Ra8 36. Rc4 Be5 37. a4 f6 38. Be3 Kf7 39. Bb6 Ke6 40. a5 Kd5
41. Rc5+ Kd6 42. Rc4 Kd5 43. Rg4 Rh8 44. Kg2 Kc6 45. f4 Bc3 46. Rg3 Be1 47. Rxg6
Bxh4 48. Bd4 Rf8 49. Rh6 Rg8+ 50. Kf3 Be1 51. Rxf6+ Kd5 52. Bf2 Bc3 53. Rf5+ Kc6
54. Rc5+ 1-0

[Event "Online Olym Div2 E 2021"]
[Site "chess.com INT"]
[Date "2021.09.04"]
[Round "7.4"]
[Board "4"]
[White "Vargas, Gabriela"]
[Black "Heredia Serrano, Carla"]
[Result "1/2-1/2"]
[WhiteTitle "WIM"]
[BlackTitle "WGM"]
[WhiteElo "2152"]
[BlackElo "2107"]
[WhiteTeam "Paraguay"]
[BlackTeam "Ecuador"]
[WhiteFideId "3700860"]
[BlackFideId "3603687"]
[EventDate "2021.09.02"]
[EventType "team"]

1. d4 d5 2. Nf3 Nf6 3. Bg5 Ne4 4. Bf4 c5 5. c3 Nc6 6. e3 Qb6 7. Qb3 c4 8. Qxb6
axb6 9. Nbd2 Nxd2 10. Nxd2 b5 11. e4 e6 12. g3 b4 13. Bg2 bxc3 14. bxc3 Ba3 15.
exd5 exd5 16. Rb1 Ne7 17. O-O O-O 18. Rfe1 h6 19. h4 Ra7 20. Nf1 Bd7 21. Ne3 Bc6
22. Bf3 Rd8 23. Kg2 Kf8 24. Re2 Bd6 25. Bxd6 Rxd6 26. Rbe1 b5 27. Ng4 Ng6 28. h5
Ne7 29. Ne5 f6 30. Nxc6 Rxc6 31. Rb1 Ra5 1/2-1/2

[Event "Online Olym Div2 E 2021"]
[Site "chess.com INT"]
[Date "2021.09.04"]
[Round "7.4"]
[Board "5"]
[White "Jaramillo Arce, David"]
[Black "Melian, Juan Sebastian"]
[Result "1/2-1/2"]
[BlackTitle "CM"]
[WhiteElo "1970"]
[BlackElo "1978"]
[WhiteTeam "Ecuador"]
[BlackTeam "Paraguay"]
[WhiteFideId "3610004"]
[BlackFideId "3706575"]
[EventDate "2021.09.02"]
[EventType "team"]

1. d4 Nf6 2. c4 e6 3. g3 Bb4+ 4. Bd2 a5 5. Bg2 O-O 6. Nf3 d5 7. O-O dxc4 8. Bg5
b5 9. Ne5 Ra7 10. a4 bxa4 11. Nxc4 h6 12. Bxf6 Qxf6 13. e3 Ba6 14. Qc2 Nd7 15.
Rd1 Bb5 16. Nca3 Ba6 17. Nc3 Rb8 18. Nxa4 Qe7 19. Nc4 Bb5 20. Nd2 c5 21. Ne4
cxd4 22. Rxd4 Ne5 23. Nac3 Rc7 24. Rad1 Be8 25. Qe2 Rbc8 26. h4 Nc4 27. Nb1 Ba4
28. Rc1 Nxb2 29. Rxc7 Qxc7 30. Qxb2 Qc1+ 31. Qxc1 Rxc1+ 32. Kh2 Rxb1 33. Rd8+
Bf8 34. Ra8 Bc6 35. Rxa5 Bxe4 36. Bxe4 Rb2 37. Kg2 g6 38. Ra8 1/2-1/2

[Event "Online Olym Div2 E 2021"]
[Site "chess.com INT"]
[Date "2021.09.04"]
[Round "7.4"]
[Board "6"]
[White "Oviedo Acosta, Paula"]
[Black "Miranda Vargas, Analia Karen"]
[Result "0-1"]
[WhiteElo "1637"]
[BlackElo "1587"]
[WhiteTeam "Paraguay"]
[BlackTeam "Ecuador"]
[WhiteFideId "3704394"]
[BlackFideId "3632393"]
[EventDate "2021.09.02"]
[EventType "team"]

1. e4 e5 2. Nf3 Nc6 3. Bc4 Bc5 4. c3 Nf6 5. d3 d6 6. Bb3 h6 7. h3 Bb6 8. O-O O-O
9. Nbd2 Na5 10. Bc2 Be6 11. a4 c5 12. Re1 Re8 13. Nf1 Qd7 14. Be3 Nc6 15. Ng3 d5
16. Qe2 d4 17. Bd2 Red8 18. Red1 Rac8 19. Kh2 Qc7 20. Nh4 Na5 21. Nhf5 dxc3 22.
bxc3 c4 23. d4 exd4 24. cxd4 Bxf5 25. Bxa5 Bxa5 26. exf5 Bc3 27. Rab1 Bxd4 28.
Qf3 b6 29. Kg1 Bc5 30. Ne4 Nxe4 31. Qxe4 Re8 32. Qg4 Qe7 33. g3 Qe2 34. f6 Qxf2+
35. Kh1 Qxf6 36. Re1 Qf2 37. Rxe8+ Rxe8 38. Qf5 Re1+ 39. Rxe1 Qxe1+ 40. Kg2 Qg1+
41. Kf3 Qf2+ 42. Kg4 Qd4+ 43. Kf3 Qf2+ 44. Kg4 h5+ 45. Kh4 Be7+ 0-1

[Event "Online Olym Div2 E 2021"]
[Site "chess.com INT"]
[Date "2021.09.04"]
[Round "7.5"]
[Board "1"]
[White "Henriquez Villagra, Cristobal"]
[Black "Quesada Perez, Yasser"]
[Result "1-0"]
[WhiteTitle "GM"]
[BlackTitle "GM"]
[WhiteElo "2608"]
[BlackElo "2568"]
[WhiteTeam "Chile"]
[BlackTeam "Cuba"]
[WhiteFideId "3409350"]
[BlackFideId "3509362"]
[EventDate "2021.09.02"]
[EventType "team"]

1. e4 d5 2. exd5 Nf6 3. Nf3 Bg4 4. h3 Bxf3 5. Qxf3 Qxd5 6. Qxd5 Nxd5 7. b3 e5 8.
Bb2 Bd6 9. Na3 O-O 10. Nc4 Nc6 11. O-O-O Rfe8 12. Ne3 Nde7 13. g3 Nd4 14. Bg2 c6
15. Rhe1 Bc5 16. Nc4 Ng6 17. h4 f6 18. h5 Nh8 19. b4 Bf8 20. f4 Nf5 21. fxe5
fxe5 22. b5 e4 23. bxc6 b5 24. Ne5 Nxg3 25. d4 Bd6 26. c4 bxc4 27. Nxc4 Bf4+ 28.
Kc2 Nf7 29. Bh3 Nd6 30. Nxd6 Bxd6 31. d5 e3 32. Be6+ Kh8 33. h6 Nh5 34. Rxe3 Re7
35. Rh1 Nf4 36. hxg7+ Rxg7 37. Bxg7+ Kxg7 38. Rg3+ Ng6 39. Rgh3 Rh8 40. Rb1 h5
41. Rb7+ Kf6 42. Rf7+ Ke5 43. c7 1-0

[Event "Online Olym Div2 E 2021"]
[Site "chess.com INT"]
[Date "2021.09.04"]
[Round "7.5"]
[Board "2"]
[White "Martinez Duany, Lelys Stanley"]
[Black "Salinas Herrera, Pablo"]
[Result "1-0"]
[WhiteTitle "GM"]
[BlackTitle "GM"]
[WhiteElo "2520"]
[BlackElo "2509"]
[WhiteTeam "Cuba"]
[BlackTeam "Chile"]
[WhiteFideId "3504727"]
[BlackFideId "3407128"]
[EventDate "2021.09.02"]
[EventType "team"]

1. e4 e5 2. Nf3 Nc6 3. Bb5 a6 4. Ba4 d6 5. c3 Bd7 6. d4 g6 7. O-O Bg7 8. Be3 Nf6
9. dxe5 Nxe5 10. Nxe5 dxe5 11. Bxd7+ Qxd7 12. Qxd7+ Nxd7 13. Nd2 f5 14. f3 O-O-O
15. Rfd1 Nf6 16. Kf1 Rd3 17. Ke2 Rhd8 18. Bg5 fxe4 19. Nxe4 Rxd1 20. Rxd1 Rxd1
21. Kxd1 Nxe4 22. fxe4 Kd7 23. Ke2 Bf8 24. Kd3 Ke6 25. a4 Bc5 26. Kc4 Bd6 27. b4
c6 28. b5 axb5+ 29. axb5 Bf8 30. Bd8 h5 31. Bb6 Ba3 32. Ba5 Kd7 33. Bb4 Bc1 34.
Bf8 Bd2 35. Bg7 Kd6 36. Bf8+ Kd7 37. Kd3 Bg5 38. c4 Bd8 39. Kc3 Ba5+ 40. Kb3 Be1
41. Ka4 Bc3 42. Bb4 Bd4 43. Ka5 Kc7 44. Bd2 Bb6+ 45. Kb4 Kd6 46. Bh6 c5+ 47. Kc3
Ke7 48. Kd3 Bc7 49. Be3 b6 50. Ke2 Kf6 51. Kf3 Bd6 52. g4 hxg4+ 53. Kxg4 Bc7 54.
h4 Kf7 55. h5 gxh5+ 56. Kxh5 Bd8 57. Kh6 Bc7 58. Bg5 Ke6 59. Kg6 Bb8 60. Bd8 Ba7
61. Bc7 1-0

[Event "Online Olym Div2 E 2021"]
[Site "chess.com INT"]
[Date "2021.09.04"]
[Round "7.5"]
[Board "3"]
[White "Morales Flores, Monserrat"]
[Black "Forgas Moreno, Yaniela"]
[Result "1/2-1/2"]
[WhiteTitle "WCM"]
[BlackTitle "WIM"]
[WhiteElo "1953"]
[BlackElo "2310"]
[WhiteTeam "Chile"]
[BlackTeam "Cuba"]
[WhiteFideId "3412016"]
[BlackFideId "3508072"]
[EventDate "2021.09.02"]
[EventType "team"]

1. e4 c5 2. Nf3 d6 3. d4 cxd4 4. Nxd4 Nf6 5. Nc3 a6 6. Be2 e5 7. Nf3 h6 8. Nd2
Be6 9. Nc4 Be7 10. a4 Nc6 11. Be3 Nb4 12. Nb6 Rb8 13. O-O O-O 14. a5 d5 15. exd5
Nfxd5 16. Ncxd5 Nxd5 17. Nxd5 Bxd5 18. Bb6 Qd6 19. c4 Bc6 20. Qxd6 Bxd6 21. Rfd1
Be7 22. Bc7 Rbe8 23. Bf1 Bb4 24. Bd6 Bxd6 25. Rxd6 Rd8 26. Rad1 Rxd6 27. Rxd6
Re8 28. b4 Kf8 29. b5 axb5 30. cxb5 Ke7 31. Rd1 Bd7 32. f3 Ra8 33. a6 bxa6 34.
bxa6 Bc8 35. Ra1 Kd6 36. Kf2 Kc6 37. Ke3 Bf5 38. Ra5 f6 39. Bc4 Kb6 40. Ra1 Rd8
41. a7 Ra8 42. Ra6+ Kb7 43. Ra1 Rxa7 44. Bd5+ Kb6 45. Rxa7 Kxa7 46. g4 Bd7 47.
Ke4 Kb6 48. h3 Kc5 49. Bf7 Kd6 50. f4 Bc6+ 51. Ke3 Ke7 52. Bg6 Ke6 53. Bf5+ Kd6
54. h4 Kc5 55. fxe5 fxe5 56. g5 Kd6 57. Bg4 Bd7 58. Bh5 Bf5 59. gxh6 gxh6 60.
Bf3 Ke6 61. Bg2 Kf6 62. Bf3 Bc2 63. Be2 Kf5 64. Bf3 Bb1 65. Be2 Be4 66. Bh5 Bg2
67. Be2 Bh3 68. Bf3 Bg4 69. Be4+ Kf6 70. Bd3 Bf5 71. Be2 e4 72. Kf4 Bh7 73. Bg4
Bg6 74. Be2 Ke6 75. Bg4+ Kd6 76. Ke3 Ke5 77. Be2 Kf5 78. Bd1 Bf7 79. Be2 Bd5 80.
Bd1 Bc4 81. Bc2 Bd5 82. Bd1 Bc4 83. Bc2 Kg4 84. Bxe4 Kxh4 85. Kf2 Kh3 86. Bf3
Kh2 87. Bh5 Bd5 88. Bg4 Bf7 89. Bf3 1/2-1/2

[Event "Online Olym Div2 E 2021"]
[Site "chess.com INT"]
[Date "2021.09.04"]
[Round "7.5"]
[Board "4"]
[White "Linares Napoles, Oleiny"]
[Black "Fuentes Inzunza, Lesly"]
[Result "1-0"]
[WhiteTitle "WGM"]
[BlackTitle "WFM"]
[WhiteElo "2255"]
[BlackElo "1840"]
[WhiteTeam "Cuba"]
[BlackTeam "Chile"]
[WhiteFideId "3504794"]
[BlackFideId "3408205"]
[EventDate "2021.09.02"]
[EventType "team"]

1. d4 Nf6 2. Bf4 d5 3. e3 c5 4. c3 e6 5. Nd2 Nc6 6. Bd3 Bd6 7. Bxd6 Qxd6 8. f4
cxd4 9. cxd4 h5 10. a3 O-O 11. Ngf3 Ng4 12. Qe2 f5 13. O-O Bd7 14. h3 Nf6 15.
Ne5 Be8 16. Ndf3 Ne4 17. Rfc1 Rc8 18. Nxc6 Bxc6 19. Ne5 Nf6 20. Rc3 Rc7 21. Rac1
Rfc8 22. Qc2 Ne4 23. Bxe4 dxe4 24. Rc5 Kh7 25. b4 a6 26. a4 Bxa4 27. Qxa4 Rxc5
28. bxc5 Qe7 29. Rb1 Rc7 30. Qd1 Kh6 31. Rb6 g5 32. fxg5+ Kxg5 33. Qf1 Kf6 34.
Qf4 Qh7 35. Qh4+ Kg7 36. Rxe6 1-0

[Event "Online Olym Div2 E 2021"]
[Site "chess.com INT"]
[Date "2021.09.04"]
[Round "7.5"]
[Board "5"]
[White "Pena Cifuentes, Tomas Alberto"]
[Black "Alvarez Calzadilla, Jose Avelino"]
[Result "0-1"]
[BlackTitle "FM"]
[WhiteElo "2018"]
[BlackElo "2287"]
[WhiteTeam "Chile"]
[BlackTeam "Cuba"]
[WhiteFideId "3421996"]
[BlackFideId "3526151"]
[EventDate "2021.09.02"]
[EventType "team"]

1. d4 Nf6 2. c4 g6 3. f3 d5 4. cxd5 Nxd5 5. e4 Nb6 6. Nc3 Bg7 7. Be3 O-O 8. Qd2
Nc6 9. O-O-O f5 10. e5 Nb4 11. Nh3 Be6 12. Kb1 Qd7 13. Nf4 Nc4 14. Qe1 c6 15. h4
Nxe3 16. Qxe3 Bh6 17. h5 g5 18. Nxe6 Qxe6 19. d5 cxd5 20. a3 f4 21. Qd2 Qf5+ 22.
Kc1 d4 23. axb4 dxc3 24. bxc3 Rac8 25. Kb2 Bg7 26. Bd3 Qxe5 27. Rc1 Rfd8 28.
Rhd1 Kh8 29. Qe2 Qxe2+ 30. Bxe2 Bf6 31. Rxd8+ Rxd8 32. Rd1 Rc8 33. Rd3 Kg7 34.
Kb3 b5 35. Kc2 a6 36. Kd2 Kh6 37. Bd1 Kxh5 38. Bb3 Kh4 39. Bd5 Rc7 40. Bg8 h6
41. Be6 Kg3 42. Bh3 h5 43. Kc2 Rxc3+ 0-1

[Event "Online Olym Div2 E 2021"]
[Site "chess.com INT"]
[Date "2021.09.04"]
[Round "7.5"]
[Board "6"]
[White "Obregon Garcia, Roxangel"]
[Black "Sanchez Tobar, Francisca Valenti"]
[Result "1-0"]
[WhiteTitle "WIM"]
[BlackTitle "WCM"]
[WhiteElo "2167"]
[BlackElo "1777"]
[WhiteTeam "Cuba"]
[BlackTeam "Chile"]
[WhiteFideId "3520420"]
[BlackFideId "3431304"]
[EventDate "2021.09.02"]
[EventType "team"]

1. e4 e5 2. Nf3 Nc6 3. Bb5 g6 4. c3 Bg7 5. O-O a6 6. Bxc6 dxc6 7. d4 exd4 8.
cxd4 Bg4 9. Nc3 Ne7 10. Bf4 O-O 11. h3 Bxf3 12. Qxf3 Qxd4 13. Bxc7 Qf6 14. Qg3
Rfe8 15. Rad1 Qe6 16. Rfe1 Rac8 17. Bb6 Be5 18. f4 Bg7 19. Qf2 h6 20. Re2 Ra8
21. Red2 Nc8 22. Bc7 Bxc3 23. bxc3 Qxe4 24. Be5 Kh7 25. Rd7 Qf5 26. Rxb7 Ne7 27.
Rdd7 Qe6 28. Qc5 1-0

[Event "Online Olym Div2 E 2021"]
[Site "chess.com INT"]
[Date "2021.09.04"]
[Round "8.1"]
[Board "1"]
[White "Arenas, David"]
[Black "Albornoz Cabrera, Carlos Daniel"]
[Result "1/2-1/2"]
[WhiteTitle "GM"]
[BlackTitle "GM"]
[WhiteElo "2455"]
[BlackElo "2567"]
[WhiteTeam "Colombia"]
[BlackTeam "Cuba"]
[WhiteFideId "4403177"]
[BlackFideId "3518736"]
[EventDate "2021.09.02"]
[EventType "team"]

1. e4 c5 2. Nf3 d6 3. Nc3 Nf6 4. e5 dxe5 5. Nxe5 a6 6. g3 Qd6 7. Nf3 b5 8. Bg2
Bb7 9. O-O e6 10. d3 Nbd7 11. a4 b4 12. Nb1 Be7 13. Nbd2 Nd5 14. Nc4 Qc7 15. a5
O-O 16. Re1 h6 17. Nfd2 Rad8 18. Qe2 Nb8 19. Nb3 Nd7 20. Be3 Bf6 21. Nbd2 Kh8
22. Qh5 Nxe3 23. fxe3 Bxg2 24. Kxg2 Be7 25. Rf1 f5 26. e4 Nf6 27. Qg6 fxe4 28.
Nxe4 b3 29. cxb3 Qb8 30. Nxf6 Bxf6 31. Rf3 Qxb3 32. Raf1 Qb7 33. Kh3 Qe7 34. Ne3
Bxb2 35. Rxf8+ Rxf8 36. Rxf8+ Qxf8 37. Qxe6 Qf3 38. Qe8+ Kh7 39. Qe4+ Qxe4 40.
dxe4 Kg6 41. Nc4 Bc3 42. Kg4 Kf6 43. Kf3 Ke6 44. g4 g6 45. Ke3 Bb4 46. Kf3 Bc3
47. Ke3 Bb4 48. Kf3 Bc3 1/2-1/2

[Event "Online Olym Div2 E 2021"]
[Site "chess.com INT"]
[Date "2021.09.04"]
[Round "8.1"]
[Board "2"]
[White "Martinez Duany, Lelys Stanley"]
[Black "Barrientos, Sergio E"]
[Result "0-1"]
[WhiteTitle "GM"]
[BlackTitle "GM"]
[WhiteElo "2520"]
[BlackElo "2475"]
[WhiteTeam "Cuba"]
[BlackTeam "Colombia"]
[WhiteFideId "3504727"]
[BlackFideId "4401824"]
[EventDate "2021.09.02"]
[EventType "team"]

1. e4 c5 2. Nf3 e6 3. d3 d5 4. Nbd2 Nc6 5. g3 Bd6 6. Bg2 Nge7 7. O-O Bc7 8. b3
O-O 9. Bb2 d4 10. Nh4 e5 11. Qh5 Be6 12. Nf5 Qd7 13. Nxe7+ Nxe7 14. Qe2 Rae8 15.
a4 b6 16. Nc4 Ng6 17. Bc1 a6 18. Bd2 b5 19. axb5 axb5 20. Nb2 Ra8 21. h4 Ne7 22.
f4 Bg4 23. Qf2 Nc6 24. f5 f6 25. Bf3 Bxf3 26. Qxf3 Bd6 27. g4 Rfc8 28. g5 Be7
29. Kh1 Nb4 30. Rg1 Rxa1 31. Rxa1 Nxc2 32. Ra6 Ne3 33. Bxe3 dxe3 34. Qxe3 Qd4
35. Nd1 Qb4 36. Ra7 Qxb3 37. Nf2 Kf8 38. Qe2 Qf7 39. Qg4 c4 40. dxc4 Qxc4 41.
Kg2 Qc5 42. Rd7 Qc6 43. gxf6 Bxf6 44. Ra7 Ra8 45. Rxa8+ Qxa8 46. h5 Qa2 47. Qd1
h6 48. Qd7 b4 49. Kf3 Qf7 50. Qc8+ Qe8 51. Qc5+ Kg8 52. Qxb4 Qxh5+ 53. Kg2 Qg5+
54. Kf3 Qf4+ 55. Ke2 Bh4 56. Nd3 Qg4+ 57. Kd2 Kh7 58. Qc4 Bf6 59. Qf7 h5 60. Nc5
h4 61. Ne6 h3 62. Nf8+ Kh6 63. Qg8 Qg2+ 64. Kc3 Qf3+ 65. Kb2 Qe2+ 66. Kc3 Qe3+
67. Kb2 Qd2+ 68. Kb3 Qd3+ 69. Kb2 Kg5 70. Ne6+ Kg4 71. Qh7 Qxe4 72. Qg6+ Kh4 73.
Qh7+ Kg3 74. Qg6+ Qg4 0-1

[Event "Online Olym Div2 E 2021"]
[Site "chess.com INT"]
[Date "2021.09.04"]
[Round "8.1"]
[Board "3"]
[White "Castrillon Gomez, Melissa"]
[Black "Miranda Llanes, Yerisbel"]
[Result "1/2-1/2"]
[WhiteTitle "WIM"]
[BlackTitle "WIM"]
[WhiteElo "2212"]
[BlackElo "2259"]
[WhiteTeam "Colombia"]
[BlackTeam "Cuba"]
[WhiteFideId "4402413"]
[BlackFideId "3507700"]
[EventDate "2021.09.02"]
[EventType "team"]

1. Nf3 d5 2. d4 Nf6 3. c4 e6 4. g3 Bb4+ 5. Bd2 Be7 6. Bg2 O-O 7. O-O Nbd7 8. Qc2
c6 9. Rd1 b6 10. Bf4 Ba6 11. b3 Rc8 12. Nbd2 c5 13. Qd3 cxd4 14. Qxd4 Bc5 15.
Qb2 Qe7 16. Ne5 Rfd8 17. Ndf3 dxc4 18. Nxc4 Bxc4 19. bxc4 Ng4 20. Rf1 e5 21. Bd2
e4 22. Nd4 Bxd4 23. Qxd4 Nde5 24. Qc3 Nxc4 25. Qb4 Qe6 26. Bf4 f5 27. Rac1 Nf6
28. Bg5 Na5 29. Bxf6 Qxf6 30. e3 Qe6 31. Qb5 g6 32. a4 Nb3 33. Rxc8 Rxc8 34. Rd1
Nc5 35. Bf1 Kg7 36. Bc4 Qc6 37. Qb2+ Qf6 38. Qb5 Rd8 39. Rd5 Rxd5 40. Bxd5 Qa1+
41. Kg2 Qxa4 42. Qb2+ Kh6 43. Qf6 Qe8 44. h4 Nd7 45. Qd6 Ne5 46. Be6 Nf7 47.
Qf4+ Kg7 48. Bxf7 Qxf7 49. Qe5+ Qf6 50. Qc7+ Qf7 51. Qe5+ Kh6 52. Qf4+ Kg7 53.
Qe5+ 1/2-1/2

[Event "Online Olym Div2 E 2021"]
[Site "chess.com INT"]
[Date "2021.09.04"]
[Round "8.1"]
[Board "4"]
[White "Linares Napoles, Oleiny"]
[Black "Chirivi C, Jenny Astrid"]
[Result "1/2-1/2"]
[WhiteTitle "WGM"]
[BlackTitle "WIM"]
[WhiteElo "2255"]
[BlackElo "2124"]
[WhiteTeam "Cuba"]
[BlackTeam "Colombia"]
[WhiteFideId "3504794"]
[BlackFideId "4403061"]
[EventDate "2021.09.02"]
[EventType "team"]

1. d4 d5 2. Bf4 Nf6 3. e3 c5 4. c3 Nc6 5. Nd2 Bf5 6. Qb3 Qc8 7. h3 e6 8. Ngf3 h6
9. dxc5 Bxc5 10. Be2 O-O 11. O-O Rd8 12. c4 d4 13. exd4 Bxd4 14. Rac1 e5 15. Be3
Bxe3 16. Qxe3 Qe6 17. Nb3 b6 18. Rfd1 Rac8 19. a3 Bg6 20. Nh4 Bh7 21. Nf3 Bg6
22. Nh4 Bh7 23. Nf3 Bg6 1/2-1/2

[Event "Online Olym Div2 E 2021"]
[Site "chess.com INT"]
[Date "2021.09.04"]
[Round "8.1"]
[Board "5"]
[White "Avila Pavas, Santiago"]
[Black "Alvarez Calzadilla, Jose Avelino"]
[Result "1/2-1/2"]
[WhiteTitle "IM"]
[BlackTitle "FM"]
[WhiteElo "2395"]
[BlackElo "2287"]
[WhiteTeam "Colombia"]
[BlackTeam "Cuba"]
[WhiteFideId "4437128"]
[BlackFideId "3526151"]
[EventDate "2021.09.02"]
[EventType "team"]

1. d4 Nf6 2. Nf3 g6 3. g3 Bg7 4. Bg2 O-O 5. O-O d5 6. c4 c6 7. cxd5 cxd5 8. Nc3
Ne4 9. Ne5 Nxc3 10. bxc3 Nc6 11. f4 Nxe5 12. fxe5 Bf5 13. Qb3 e6 14. Ba3 Re8 15.
e4 dxe4 16. g4 Bxg4 17. Bxe4 Rc8 18. Qxb7 Rc7 19. Qb2 Qg5 20. Kh1 Qe3 21. Qg2
Bh3 22. Qf3 Qxc3 23. Bc5 Qxf3+ 24. Rxf3 Bg4 25. Rc3 Rec8 26. Rac1 Bh6 27. Rg1
Be2 28. Rg2 Bb5 29. Rb3 Bc4 30. Rc3 Bd5 31. Bxd5 exd5 32. Ra3 Bf8 33. Bxf8 Kxf8
34. Ra5 Rc1+ 35. Rg1 R1c2 36. Rf1 Rc1 37. Rxc1 Rxc1+ 38. Kg2 Rd1 39. Rxd5 Rd2+
40. Kg3 Rxa2 41. Rd7 Rd2 42. h3 Ke8 43. Rd6 a5 44. Kf4 a4 45. Ke4 a3 46. Ra6 a2
47. Ra7 h5 48. d5 Re2+ 49. Kd4 g5 50. d6 Rd2+ 51. Ke3 Rd1 52. Rxa2 g4 53. hxg4
hxg4 54. Kf4 Rd4+ 55. Kf5 g3 56. Ra8+ Kd7 57. Rg8 Rd3 58. Rg7 Ke8 59. Kf4 f6 60.
Ke4 Rd1 61. Rxg3 fxe5 62. Kxe5 Re1+ 63. Kf6 Kd7 1/2-1/2